00267nam a2200109Ia 4500008004100000041000800041082001400049100001100063245003100074260003300105300001900138241015s9999 xx 000 0 und d aeng a158.1 ZEL aZeller aSuccess Habits For Dummies bWiley IndiaaNew Delhic2019 a380;. P. 23 cm